| 000 | 00000nam 2200000za 4500 |
| 001 | 9.699935 |
| 003 | CaOODSP |
| 005 | 20210625000616 |
| 007 | cr ||||||||||| |
| 008 | 150407s1942 onc|||||o f|0| 0 eng d |
| 040 | |aCaOODSP|beng |
| 043 | |an-cn--- |
| 086 | 1 |aCP32-116/1942E-PDF |
| 086 | 1 |aZ1-1942/1E-PDF |
| 245 | 00|aReport on the Canadian Expeditionary Force to the Crown colony of Hong Kong |h[electronic resource] / |cby Sir Lyman P. Duff, commissioner. |
| 260 | |a[Ottawa : |bPrivy Council Office], |c1942. |
| 300 | |a61 p. |
| 500 | |aHistorical publication digitized in 2012 by Privy Council Office of Canada. "Pursuant to Order in Council, P.C. 1160"--Cover. |
| 590 | |a15-04-Supp|b2015-03-19 |
| 690 | 07|aCommissions of inquiry|2gcpds |
| 690 | 07|aArmed forces|2gcpds |
| 710 | 1 |aCanada. |bPrivy Council Office. |
| 775 | 08|tRapport concernant le Corps expéditionnaire canadien envoyé dans la colonie de la couronne de Hong-Kong |w(CaOODSP)9.643898 |
| 856 | 40|ahttp://publications.gc.ca|qPDF|s4.27 MB|uhttps://publications.gc.ca/collections/collection_2014/bcp-pco/CP32-116-1942-eng.pdf |